01108nam a2200325Ia 450000500170000000800410001702000180005804100080007610000370008424500990012125000180022030000250023849000370026353400320030065000350033265000390036765000380040665000360044465000360048065000390051670000360055594200150059126400270060633600270063333700330066033800280069304000350072108400110075699900150076720220317001759.0170328s2009 s g 000 f s  a9788477026358 aspa1 aHodgson, William Hoped1875-191813aLa casa en el confín de la tierracWilliam H. Hodgson ; traducción Francisco Torres Oliver a2a. edición a243 páginasc19 cm aEl club Diógenes : serie negra tThe house of the borderland142LEMBaNovela inglesaySiglo XX142LEMBaLiteratura inglesaySiglo XX142LEMBaFantasía en la literatura142LEMBaMisterio en la literatura142LEMBaSuspenso en la literatura142LEMBaManuscritos en la literatura1 aTorres Oliver, Francisco990700 2loccBKLIT aMadridbValdemarc2009 atextobtxt2rdacontent asin mediaciónbn2rdamedia avolumenbnc2rdacarrier aCO-BoRNBPbspaerdacCO-BoRNBP aN HOD1 c8075d8075